00463nmm a2200157Ia 4500008004100000020001800041041000800059100002000067245002400087264008000111300001600191650002300207856005100230942000700281999001700288251105s9999||||xx |||||||||||||||||und|| a9788468772295 aspa aGifford, Blythe 0aRumores en la corte a[Madrid, España] :bHarlequin, c[Fecha de publicación no identificada] a0 páginas aHistorical fiction uhttps://public.digitaliapublishing.com/a/94324 cCF c84383d84383